00775nam a2200205Ia 4500003000900000008004100009020001800050040001600068080001800084100003100102245013800133250001200271260004800283300001500331650004100346650003500387942000700422999001700429952012300446IN-BaIIA211028s9999 xx 000 0 eng d a0-521-38773-6 cIIA Library a524-48bLON-1 aLongair, Malcolm S.918616 0aHigh energy astrophysicsbvol.1, particles, photons and their detectioncMalcolm S. Longair  a2nd ed. aCambridgebCambridge University Pressc1992 axvii,418p. aAstronomy and Astrophysics Thesaurus aHigh Energy Astrophysics95354 cBK c10883d10883 00104070aBANbBANcGENd1994-02-10g839.00l0o524-48/ LON-1p11795r2022-09-06v839.00w1994-02-10yBKGRs. 839.00